Does the VRS apply to me? (Record no. 83330)
[ view plain ]
| 000 -LEADER | |
|---|---|
| fixed length control field | 01059cad a22002175a 4500 |
| 001 - CONTROL NUMBER | |
| control field | L153591 |
| 008 - FIXED-LENGTH DATA ELEMENTS--GENERAL INFORMATION | |
| fixed length control field | 110808s2011 xxk 000 0 eng d |
| 035 ## - SYSTEM CONTROL NUMBER | |
| System control number | (Sirsi) u153591 |
| 041 0# - LANGUAGE CODE | |
| Language code of text/sound track or separate title | eng |
| 100 1# - MAIN ENTRY--PERSONAL NAME | |
| Personal name | Howells, Lorraine |
| 245 00 - TITLE STATEMENT | |
| Title | Does the VRS apply to me? |
| 260 ## - PUBLICATION, DISTRIBUTION, ETC. | |
| Date of publication, distribution, etc. | 2011 |
| 490 #0 - SERIES STATEMENT | |
| Series statement | RICS Commercial Property Journal |
| Volume/sequential designation | May-June 2011, 19(1) |
| 520 ## - SUMMARY, ETC. | |
| Summary, etc. | Clarifies some of the points raised by RICS members about the new RICS Valuer Registration Scheme, membership of which becomes mandatory for RICS members wishing to carry out Red Book valuations in the UK from 30 April 2011. Lists the kinds of valuation work for which registration is not obligatory. Registered valuers will designate themselves 'RICS Registered Valuer'. |
| 590 ## - LOCAL NOTE (RLIN) | |
| Local note | KA |
| 650 24 - SUBJECT ADDED ENTRY--TOPICAL TERM | |
| Topical term or geographic name entry element | RICS VALUER REGISTRATION SCHEME |
| 651 #4 - SUBJECT ADDED ENTRY--GEOGRAPHIC NAME | |
| Geographic name | United Kingdom |
| Chronological subdivision | |
| 690 ## - LOCAL SUBJECT ADDED ENTRY--TOPICAL TERM (OCLC, RLIN) | |
| Topical term or geographic name as entry element | PROPERTY-PROPERTY VALUATION AND APPRAISAL |
| 856 40 - ELECTRONIC LOCATION AND ACCESS | |
| Uniform Resource Identifier | <a href="https://www.rics.org/site/scripts/documents.aspx?categoryID=316">https://www.rics.org/site/scripts/documents.aspx?categoryID=316</a> |
| Public note | RICS members can view this article free of charge at www.rics.org |
| 942 ## - ADDED ENTRY ELEMENTS (KOHA) | |
| Suppress in OPAC | 0 |
| Withdrawn status | Lost status | Source of classification or shelving scheme | Damaged status | Not for loan | Home library | Current library | Shelving location | Date acquired | Total Checkouts | Full call number | Barcode | Date last seen | Price effective from | Koha item type |
|---|---|---|---|---|---|---|---|---|---|---|---|---|---|---|
| Dewey Decimal Classification | Virtual | Virtual | Online | 08/08/2011 | ONLINE PUBLICATION | 153591-2001 | 06/08/2019 | 06/08/2019 | Journal |